SPSS 17: extracción del conocimiento a partir del análisis de datos

Gespeichert in:
Bibliographische Detailangaben
1. Verfasser: Valderrey Sanz, Pablo (VerfasserIn)
Format: Buch
Sprache:Spanisch
Veröffentlicht: Ciudad de México Alfaomega 2010
Ausgabe:1a. ed
Schlagworte:
Tags: Tag hinzufügen
Keine Tags, Fügen Sie den ersten Tag hinzu!

MARC

LEADER 00000cam a2200000 a 4500
001 UCF1923
003 CL-VaPUC
008 120802e20100000MX |||||||||||||||||spa|d
020 |a 9786077070276 
082 0 4 |a 005.369  |b VAL  |2 21 
100 0 |a Valderrey Sanz, Pablo  |e author  |9 563476 
245 1 0 |a SPSS 17: extracción del conocimiento a partir del análisis de datos 
250 |a 1a. ed 
300 |a 463 p 
942 |c BK 
945 |d 20120802 00:00:00  |a cmena 
260 |a Ciudad de México  |b Alfaomega  |c 2010 
650 0 |a Sistemas operativos   |9 260288 
650 0 |a Estadística matemática  |9 260028 
650 7 |a SPSS  |2 CL-VaPUC  |9 362442 
650 0 |a Modelos matemáticos   |9 259437 
650 0 |a Gestión de la información   |9 362327 
650 0 |a Software  |9 387312 
583 |a last modification  |c 20120802 10:35:00  |k Rodrigo Vera 
999 |c 348608  |d 348606 
952 |0 0  |1 0  |4 0  |6 005_369000000000000_VAL_2010  |7 0  |8 A  |9 450716  |a BIBENE  |b BIBENE  |d 2019-11-22  |i 488678K  |o 005.369 VAL 2010  |p 488678K  |r 2025-01-15  |w 2019-11-22  |y BK  |k ICO 
952 |0 0  |1 0  |4 0  |6 005_369000000000000_VAL_2010  |7 0  |8 A  |9 450717  |a BIBENE  |b BIBENE  |d 2019-11-22  |i 4886798  |o 005.369 VAL 2010  |p 4886798  |r 2025-01-15  |w 2019-11-22  |y BK  |k ICO